00329nam a2200121Ia 4500008004100000082001700041100002500058245005000083250000800133260004200141300000800183650001600191191201s2013 xx 000 0 und d a620.001bRAE aRAVINDRAN,A & Others 0aEngineering Optimization: Theory and Practice aRep aN. DelhibWiley Dreautech Indiac2013 a667 aM.Tech (ME)